Loading...
| Literature - American | 3 | 2 | 0 | 0 | 65 | 48 | 79.60 | 3 | 5 | 20.81 | 38.64 |
| Literature - World | 3 | 2 | 1 | 1 | 60 | 49 | 79.20 | 3 | 5 | 20.62 | 38.64 |
| Literature - European | 3 | 2 | 1 | 1 | 60 | 38 | 76.40 | 2 | 5 | 20.58 | 29.55 |
| Literature - British | 1 | 5 | 1 | 0 | 60 | 64 | 96.00 | 1 | 4 | 16.98 | 34.09 |
| Philosophy | 1 | 3 | 0 | 1 | 45 | 52 | 91.25 | 1 | 3 | 10.42 | 25.00 |
| Science - Biology | 0 | 3 | 0 | 1 | 30 | 88 | 105.67 | 0 | 2 | 3.92 | 9.09 |
| Beliefs | 1 | 1 | 0 | 1 | 25 | 83 | 112.50 | 0 | 2 | 2.48 | 6.25 |
| Science - Chemistry | 0 | 3 | 1 | 0 | 25 | 74 | 90.33 | 0 | 3 | 7.04 | 20.45 |
| Science - Physics | 0 | 2 | 0 | 0 | 20 | 79 | 96.00 | 0 | 2 | 5.24 | 11.36 |
| Science - Other | 1 | 0 | 0 | 0 | 15 | 38 | 38.00 | 1 | 1 | 6.51 | 9.09 |
| Auditory Arts | 0 | 1 | 0 | 0 | 10 | 92 | 92.00 | 1 | 1 | 3.70 | 9.09 |
| Fine Arts - Other Arts | 0 | 1 | 0 | 0 | 10 | 124 | 124.00 | 0 | 1 | 0.74 | 6.82 |
| History - American | 0 | 1 | 0 | 0 | 10 | 84 | 84.00 | 1 | 1 | 3.48 | 9.09 |
| History - Other | 0 | 1 | 0 | 0 | 10 | 105 | 105.00 | 1 | 1 | 4.78 | 20.00 |
| Social Science | 0 | 1 | 1 | 0 | 5 | 89 | 89.00 | 0 | 1 | 1.48 | 2.94 |